Statistiques concernant Les coéquipiers de Wayne Rooney à United

Cliquez ici pour prendre le quiz!

Statistiques générales

  • Ce quiz a été pris 41 fois
  • Le résultat moyen est 37 sur 113

Statistiques - réponses

SaisonsNationalitéJoueurNombre de matchsPoste% Correct
2004-2009PortugalCristiano Ronaldo205A
100%
2005-2014FrancePatrice Evra301D
90%
2004-2014AngleterreRio Ferdinand312D
90%
2004-2014Pays de GallesRyan Giggs278M
90%
2005-2014SerbieNemanja Vidic‎230D
88%
2007-2014PortugalNani155A
85%
2011-2017EspagneDavid de Gea201G
83%
2005-2011Pays-BasEdwin van der Sar220G
80%
2004-2013AngleterrePaul Scholes229M
80%
2016-2017SuèdeZlatan Ibrahimović25A
78%
2005-2012Corée du SudJi-sung Park141M
73%
2009-2017EquateurAntonio Valencia214D/A
70%
2013-2017BelgiqueMarouane Fellaini89M
70%
2012-2015Pays-BasRobin van Persie73A
70%
2008-2012BulgarieDimitar Berbatov99A
68%
2010-2014, 2015-2016MexiqueJavier Hernández98A
63%
2011-2012, 2016-2017FrancePaul Pogba31M
63%
2015-2017FranceAnthony Martial56A
60%
2004-2010AngleterreGary Neville131D
60%
2013-2017EspagneJuan Mata102M
60%
2006-2017AngleterreMichael Carrick345M
60%
2004-2005AngleterrePhil Neville17D
60%
2015-2017AllemagneBastian Schweinsteiger25M
50%
2007-2009ArgentineCarlos Tevez61A
50%
2012-2013, 2014-2015AngleterreMichael Keane2D
50%
2004-2006IrlandeRoy Keane39M
50%
2015-2016IrlandeWill Keane1A
50%
2007-2014BrésilAnderson123M
48%
2014-2015ArgentineÁngel Di María28A
48%
2014-2015ColombieRadamel Falcao22A
48%
2010-2017AngleterreChris Smalling168D
45%
2016-2017Côte d'IvoireEric Bailly20D
45%
2016-2017ArménieHenrikh Mkhitaryan18M
45%
2004-2011IrlandeJohn O'Shea203D
45%
2014-2017AngleterreLuke Shaw37D
45%
2004-2015EcosseDarren Fletcher228M
43%
2006-2007AngleterreDavid Jones1M
43%
2015-2017AngleterreMarcus Rashford32A
43%
2011-2017AngleterrePhil Jones128D
43%
2005-2006AngleterreRitchie Jones2M
43%
2012-2014JaponShinji Kagawa35M
43%
2014-2017Pays-BasDaley Blind86D
40%
2004-2008FranceLouis Saha80A
40%
2016-2017EcosseScott McTominay2M
40%
2005-2006, 2007-2008EspagneGerard Piqué13D
38%
2015-2017Pays-BasMemphis Depay33A
38%
2008-2015BrésilRafael117D
38%
2015-2017ArgentineSergio Romero16G
38%
2014-2017ArgentineMarcos Rojo55D
35%
2004-2008FranceMikaël Silvestre100D
35%
2004-2011AngleterreWes Brown161D
35%
2014-2017EspagneAnder Herrera82M
33%
2007-2015Irlande du NordJonny Evans153D
33%
2014-2015EspagneVíctor Valdés1G
33%
2011-2017AngleterreAshley Young125D
30%
2014-2017AngleterreJesse Lingard44M
30%
2015-2017ItalieMatteo Darmian45D
30%
2009-2012AngleterreMichael Owen27A
30%
2004-2006Pays-BasRuud van Nistelrooy66A
30%
2004-2006Etats-UnisTim Howard16G
30%
2015-2017FranceMorgan Schneiderlin30M
28%
2009-2012, 2013-2014BrésilFábio38D
25%
2008-2013ItalieFederico Macheda11A
25%
2005-2007NorvègeOle Gunnar Solskjær29A
23%
2009-2010, 2011-2014AngleterreDanny Welbeck85A
20%
2004-2007ArgentineGabriel Heinze73D
20%
2006-2007SuèdeHenrik Larsson12A
20%
2013-2016BelgiqueAdnan Januzaj45A
18%
2010-2011Cap-VertBebé1A
18%
2007-2011AngleterreOwen Hargreaves27M
18%
2009-2011FranceGabriel Obertan13A
15%
2005-2006ItalieGiuseppe Rossi5A
15%
2014-2016BrésilAndreas Pereira7M
13%
2016-2017PortugalJoel Pereira2G
13%
2009-2010SénégalMame Diouf3A
13%
2014-2016Irlande du NordPaddy McNair19D
13%
2011-2014AngleterreTom Cleverley55M
13%
2004-2007AngleterreAlan Smith71M
10%
2010-2014DanemarkAnders Lindegaard19G
10%
2016-2017AngleterreAxel Tuanzebe5D
10%
2008-2009AngleterreFraizer Campbell1A
10%
2015-2016UruguayGuillermo Varela1D
10%
2014-2015AngleterreJames Wilson13A
10%
2015-2017Pays-BasTimothy Fosu-Mensah9D
10%
2006-2011PologneTomasz Kuszczak44G
10%
2012-2014Pays-BasAlexander Büttner16D
8%
2007-2010AngleterreBen Foster15G
8%
2015-2016AngleterreCameron Borthwick-Jackson11D
8%
2004-2005CamerounEric Djemba Djemba3M
8%
2005-2007AngleterreKieran Richardson48D
8%
2004-2005BrésilKléberson6M
8%
2004-2005IrlandeLiam Miller8M
8%
2005-2006EcossePhil Bardsley9D
8%
2004-2005Afrique du SudQuinton Fortune23M
8%
2004-2005Irlande du NordRoy Carroll30G
8%
2010-2011AngleterreBen Amos1G
5%
2006-2008AngleterreChris Eagles3A
5%
2008-2011IrlandeDarron Gibson33M
5%
2004-2005FranceDavid Bellion2A
5%
2012-2013AngleterreNick Powell2M
5%
2008-2009AngleterreRichard Eckersley1D
5%
2009-2010BelgiqueRitchie De Laet2D
5%
2006-2007AngleterreRyan Shawcross1D
5%
2014-2015AngleterreTyler Blackett10D
5%
2007-2008AngleterreDanny Simpson7D
3%
2016-2017AngleterreDemetri Mitchell1M
3%
2015-2016EcosseDonald Love1D
3%
2016-2017AngleterreJosh Harrop1M
3%
2006-2007AngleterreKieran Lee2M
3%
2012-2013BelgiqueMarnick Vermijl1D
3%
2008-2009ItalieRodrigo Possebon3M
3%
2012-2013AngleterreScott Wootton3D
3%
2011-2012AngleterreZeki Fryers3D
3%

Distribution des résultats

Percentile par nombre de réponses

% des personnes avec chaque résultat

Votre développement - résultats

Vous n’avez pas pris ce quiz